Programa Mundial de Alimentos : la ayuda alimentaria en acción.
Guardado en:
| Autor Corporativo: | |
|---|---|
| Formato: | Libro |
| Idioma: | Spanish |
| Publicado: |
Roma :
FAO,
1987.
|
| Etiquetas: |
Agregar Etiqueta
Sin Etiquetas, Sea el primero en etiquetar este registro!
|
| LEADER | 00505nam a22001455a 4500 | ||
|---|---|---|---|
| 001 | EEA.libagro005358 | ||
| 005 | 20180705110259.0 | ||
| 008 | 130809s1987####it#a##########000#0#spa#d | ||
| 082 | 0 | 4 | |a 338.191 |
| 082 | 0 | 4 | |a 363.856 |
| 110 | 2 | |a Organización de las Naciones Unidas para la Agricultura y la Alimentación. | |
| 245 | 1 | 0 | |a Programa Mundial de Alimentos : |b la ayuda alimentaria en acción. |
| 260 | |a Roma : |b FAO, |c 1987. | ||
| 300 | |a 38 p. : |b il. ; |c 30 cm. | ||
| 859 | |a AR-BbBCA |b BIB. AGRONOMIA |h 338.191 |i F218-2 |p 1996/2655 | ||
